000 00324nam a22001337a 4500
008 210301b ||||| |||| 00| 0 eng d
020 _a 9780534536053
041 _aeng
080 _27th
_a159.9
100 _a48
101 _aPSI
245 _aTheory And Practice of Counseling & Psychotherapy
_cCorey,G
942 _2udc
_cBK
999 _c55414
_d55414